000 00244 a2200097 4500
020 _a9789370987296
100 _aP. K. Parakkadavu
245 _aVerukalude chora(വേരുകളുടെ ചോര)
260 _bD C books
_c2025
942 _cOO
999 _c115333
_d115332